ARRUPE JESUIT UNIVERSITY

CORONAVIRUS -STOP THE SPREAD - CLEAN,DISINFECT,COVER

The Ostrich position (Record no. 120622)

MARC details
000 -LEADER
fixed length control field 00472nam a22001457a 4500
008 - FIXED-LENGTH DATA ELEMENTS--GENERAL INFORMATION
fixed length control field 140605b xxu||||| |||| 00| 0 eng d
020 ## - INTERNATIONAL STANDARD BOOK NUMBER
International Standard Book Number 0863160573
050 ## - LIBRARY OF CONGRESS CALL NUMBER
Classification number HQ57.2.L477
100 ## - MAIN ENTRY--PERSONAL NAME
Personal name Lee, Carol
9 (RLIN) 10612
245 ## - TITLE STATEMENT
Title The Ostrich position
Remainder of title sex, schooling and mystification
Statement of responsibility, etc Carol Lee
260 ## - PUBLICATION, DISTRIBUTION, ETC. (IMPRINT)
Place of publication, distribution, etc Portsmouth
Name of publisher, distributor, etc Writers and Readers Publishing Cooperative Society
Date of publication, distribution, etc 1983
300 ## - PHYSICAL DESCRIPTION
Extent vii, 149p. ;
Dimensions 20cm.
650 ## - SUBJECT ADDED ENTRY--TOPICAL TERM
Topical term or geographic name as entry element Sex instruction
9 (RLIN) 10613
942 ## - ADDED ENTRY ELEMENTS (KOHA)
Source of classification or shelving scheme Library of Congress Classification
Item type Monograph ( Printed materials)
Holdings
Withdrawn status Lost status Source of classification or shelving scheme Damaged status Not for loan Collection code Home library Current library Shelving location Date acquired Total Checkouts Full call number Barcode Date last seen Price effective from Koha item type
    Library of Congress Classification     Main Collection ARRUPE LIBRARY ARRUPE LIBRARY Main Collection 05/06/2014   HQ57.2.L477 46500000630 09/05/2018 05/06/2014 Monograph ( Printed materials)

 

Arrupe Library. PO Box MP320 Mt Pleasant, Harare, Zimbabwe
263 242 745411|librarian@aju.ac.zw